skbl

Dr Suryya Kumar Bhuyan Library Web-OPAC
ডঃ সূৰ্য্য
কুমাৰ ভূঞা পুথিভঁৰাল ৱেব-অ'পেক

All Research Scholars are advised to clear the annual library fees to continue using Library Resources, Remote Access, Plagiarism Test and Library Clearance.

Cotton University Book Fair 2026

Archaeological Survey Of India:Annual Report;1911-12 / (Record no. 2970)

MARC details
000 -LEADER
fixed length control field 00440nam a2200145Ia 4500
001 - CONTROL NUMBER
control field 2982
008 - FIXED-LENGTH DATA ELEMENTS--GENERAL INFORMATION
fixed length control field 220820s1915 ii a g b000 u 465 u
082 ## - DEWEY DECIMAL CLASSIFICATION NUMBER
Classification number 930.105
100 ## - MAIN ENTRY--PERSONAL NAME
Personal name Marshall, John .
245 #0 - TITLE STATEMENT
Title Archaeological Survey Of India:Annual Report;1911-12 /
Medium Reports
260 ## - PUBLICATION, DISTRIBUTION, ETC.
Place of publication, distribution, etc. CAlcutta :
Name of publisher, distributor, etc. Supdt.,Govt. Printing,India ,
Date of publication, distribution, etc. 1915.
300 ## - PHYSICAL DESCRIPTION
Extent 168 p. :
Other physical details Photographs ;
Dimensions 30 cm. .
653 ## - INDEX TERM--UNCONTROLLED
Uncontrolled term Report-Archaeology-India
942 ## - ADDED ENTRY ELEMENTS (KOHA)
Source of classification or shelving scheme Dewey Decimal Classification
Koha item type Books
Holdings
Withdrawn status Lost status Damaged status Not for loan Home library Current library Date acquired Coded location qualifier Total checkouts Full call number Barcode Date last seen Copy number Price effective from Koha item type
      Not for loan Dr. Suryya Kumar Bhuyan Library Dr. Suryya Kumar Bhuyan Library 01/02/2012 00000   930.105 Ma 355 An 981.102 13/01/2024 1 01/02/2012 Books

Designed and Maintained by Team SKBL
©1901-2026

Powered by Koha